Rosters des Worlds 2025 - Esport LoL - FR - Statistiques

Statistiques générales
  • Ce quiz a été pris 254 fois
  • Le résultat moyen est 65 sur 105
Statistiques - réponses
Hint Réponse % Correct
LCK 4 - Mid Faker
98%
LPL 1 - Sup ON
97%
LCK 4 - Team T1
97%
LCK 2 - Top Zeus
97%
LCK 4 - Top Doran
96%
LCK 1 - Team GEN - Gen.G Esports
96%
LCK 4 - ADC Gumayusi
96%
LCK 4 - Sup Keria
96%
LCK 4 - Jgl Oner
96%
LCK 1 - Mid Chovy
95%
LCK 1 - Jgl Canyon
93%
LCK 3 - Team KT - KT Rolster
93%
LCK 1 - ADC Ruler
93%
LCK 2 - Team HLE - Hanwha Life Esports
92%
LPL 2 - Team AL - Anyone's Legend
90%
LPL 1 - Team BLG - Bilibili Gaming
90%
LEC 1 - Team G2
90%
LCK 3 - Mid Bdd
89%
LCK 2 - Jgl Peanut
89%
LCK 2 - ADC Viper
89%
LEC 1 - Mid Caps
88%
LEC 3 - Team FNC - Fnatic
88%
LCK 1 - Top Kiin
88%
LCK 2 - Mid Zeka
88%
LEC 2 - Team KOI - Movistar KOI
87%
LPL 1 - Top Bin
86%
LEC 1 - Top BrokenBlade
86%
LEC 1 - ADC Hans Sama
86%
LEC 1 - Jgl Skewmond
84%
LPL 1 - Mid Knight
83%
LPL 3 - Team TES - Top Esports
83%
LEC 1 - Sup Labrov
82%
LCS 1 - Team FLY - Flyquest
80%
LCK 1 - Sup Duro
79%
LEC 2 - ADC Supa
79%
LCK 2 - Sup Delight
78%
LCP 1 - Team CFO - CTBC Flying Oyster
77%
LEC 2 - Sup Alvaro
75%
LEC 2 - Jgl Elyoya
75%
LPL 4 - Team IG - Invictus Gaming
75%
LEC 2 - Mid Jojopyun
75%
LEC 3 - ADC Upset
75%
LCK 3 - ADC Deokdam
74%
LPL 1 - ADC Elk
74%
LEC 3 - Sup Mikyx
74%
LEC 3 - Top Oscarinin
73%
LEC 3 - Mid Poby
73%
LEC 3 - Jgl Razork
73%
LPL 3 - Top 369
72%
LCK 3 - Top perfecT
72%
LCK 3 - Jgl Cuzz
71%
LCS 1 - Top Bwipo
70%
LCK 3 - Sup Peter
70%
LPL 3 - ADC JackeyLove
69%
LCS 1 - Jgl Inspired
68%
LPL 3 - Jgl Kanavi
67%
LPL 2 - Jgl Tarzan
67%
LCS 3 - Team 100 - 100 Thieves
66%
LCS 1 - Sup Busio
64%
LEC 2 - Top Myrwn
64%
LPL 2 - Mid Shanks
64%
LPL 4 - Top TheShy
64%
LPL 2 - Top Flandre
63%
LCP 1 - ADC Doggo
62%
LCP 1 - Mid HongQ
60%
LPL 1 - Jgl Shad0w
60%
LPL 3 - Mid Creme
59%
LCP 3 - Team PSG - PSG Talon
59%
LCS 1 - Mid Quad
56%
LPL 4 - Mid Rookie
56%
LCP 1 - Top Driver
55%
LCS 1 - ADC Massu
55%
LCS 3 - Mid Quid
52%
LPL 4 - ADC GALA
50%
LCP 1 - Jgl JunJia
50%
LCP 2 - Team TSW - Team Secret Whales
50%
LPL 1 - Jgl Beichuan
49%
LCS 2 - Team VKS - Vivo Keyd Stars
46%
LPL 2 - ADC Hope
45%
LPL 2 - Sup Kael
45%
LPL 4 - Jgl Wei
44%
LPL 4 - Sup Meiko
43%
LCP 1 - Top Rest
43%
LCS 2 - Sup Trymbi
36%
LCS 3 - Top Dhokla
33%
LCP 3 - Mid Maple
33%
LPL 3 - Sup Hang
31%
LCP 1 - Sup Kaiwing
30%
LCS 3 - ADC FBI
24%
LCS 2 - Mid Mireu
21%
LCS 1 - Top GaKGoS
19%
LCP 3 - Jgl Karsa
18%
LCS 3 - Jgl River
18%
LCP 2 - Top Hiro02
14%
LCP 3 - ADC Betty
12%
LCP 3 - Top Azhi
10%
LCP 2 - Mid Dire
9%
LCP 3 - Sup Woody
9%
LCS 3 - Sup Eyla
8%
LCP 2 - Sup Taki
8%
LCS 2 - ADC Morttheus
7%
LCS 2 - Jgl Disamis
4%
LCS 2 - Top Boal
3%
LCP 2 - ADC Eddie
2%
LCP 2 - Jgl Hizto
2%
Aucun quiz correspondant
Distribution des résultats
% des personnes avec chaque résultat
Percentile par nombre de réponses
Votre historique - résultats
Vous n’avez pas pris ce quiz